000 00490nam a22001457a 4500
003 MACL
005 20190529160527.0
008 190529b xxu||||| |||| 00| 0 eng d
040 _cMACL
100 _aझारी,डॉ. कृष्‍णदेव
_975038
245 _aवृहत् साहित्यिक निबंध खण्‍ड-4
260 _aनई दिल्‍ली
_bपराग प्रकाशन
650 _aरचनावली
_9163
942 _2ddc
_cHIN
999 _c59902
_d59902